Acceptance Trends of Central Bank Digital Currencies (CBDCs) in the European Union: A Bibliometric Analysis

Saved in:
Bibliographic Details
Main Author: Mkiyes, Hussein, 1996-
Other Authors: Čaplánová, Anetta, 1967-
Format: Book Chapter
Language:English
Subjects:
Tags: Add Tag
No Tags, Be the first to tag this record!

MARC

LEADER 00000naa a2200000 4500
001 0305987
005 20250721125156.0
041 0 |a eng 
044 |a SK 
245 1 0 |a Acceptance Trends of Central Bank Digital Currencies (CBDCs) in the European Union: A Bibliometric Analysis  |c Hussein Mkiyes, Anetta Čaplánová 
500 |a Abstrakt 
610 2 0 |a Európska únia 
610 2 0 |a euro 
610 2 0 |a digitalizácia 
610 2 0 |a analýzy 
610 2 0 |a peniaze elektronické 
610 2 0 |a analýza bibliometrická 
100 1 |a Mkiyes, Hussein, 1996- 
700 1 |a Čaplánová, Anetta, 1967-